000 00445nam a2200181Ia 4500
001 25100
005 20260414151127.0
008 260414t2008||||xx |||||||||||||| ||spa||
041 _aESP
082 _a346.2
_bG15
100 _aGallegos Canales, Yolanda
_eAUT
245 0 _aManual de derecho de familia texto impreso
_b
260 _c2008
300 _a755 páginas :
_ccm.
650 _aDER
654 _aCDE
942 _cLIB
_dJUS
_fJUS
_2ddc
_n
999 _c25100
_d25100